000
00300nam a22001337a 4500
003
SGT
020
_a
9788119613380
082
_a
543.19
_b
SIN
100
_a
SINGH REENA
245
_a
TEXTBOOK OF INSTRUMENTAL METHODS OF ANALYSIS
260
_a
INDIA
_b
IP
_c
2024
300
_a
158
942
_2
ddc
_c
BK
999
_c
34149
_d
34149